| 000 | 00677nam a22002177a 4500 | ||
|---|---|---|---|
| 999 |
_c8424 _d8424 |
||
| 001 | 22073 | ||
| 003 | BD-DhUAP | ||
| 005 | 20240313144056.0 | ||
| 008 | 240313b1992 ny |||| |||| 001 0 eng d | ||
| 020 | _a0304325902 | ||
| 040 |
_aDLC _cDLC _beng _dBD-DhUAP |
||
| 082 | 0 | 0 |
_a428.0071241 STA _220 |
| 100 | 1 |
_aStables, Andrew, _d1956- |
|
| 245 | 1 | 3 |
_aAn approach to English / _cAndrew Stables. |
| 260 |
_aLondon ; _aNew York : _bCassell, _c1992. |
||
| 300 |
_avii, 167 p. : _bill. ; _c25 cm. |
||
| 440 | 0 | _aCassell education | |
| 504 | _aIncludes bibliographical references and index. | ||
| 650 | 0 |
_aEnglish language _xStudy and teaching (Secondary) _zGreat Britain. |
|
| 942 |
_2ddc _cBK |
||